000 00835ntm a22002057a 4500
005 20170810124527.0
008 170802s2011 xx a frb 000 0 eng d
040 _aEG-ScBUE
_beng
_cEG-ScBUE
082 0 4 _222
_a624
_bMAH
100 1 _aMahfouz, Michael Mourad.
245 1 0 _aCustomer satisfaction in construction :
_bInvestigating its role towards improving productivity in Egyptian constructiom companies /
_cby Michael Mourad Mahfouz.
260 _c2011.
300 _a95 p. :
_bill. ;
_c28 cm.
500 _aA dissertation submitted to the faculty of engineering. the British university in Egypt, in partial fulfillment of the requirements for the bachelor degree in civil engineering.
590 _aBasant mousa
650 7 _2BUEsh
_aCivil Engineering
_vProjects
653 _bENGCIV
_cAugust2017
655 _vSPRO
942 _2ddc
999 _c25138
_d25110